000 00564nam a2200181 a 4500
005 20231024063623.0
008 991125s1950 mx 000 0 spa u
035 _aUPN01000000593
049 _aLT
050 4 _aLB1589 M6.2
_bH5.2 1950
100 1 _aHidalgo Monroy, Luis,
_d1876-1946
_928900
245 1 0 _aActividades geométricas del segundo grado del segundo ciclo /
_cLuis Hidalgo Monroy.
260 _aMéxico :
_bPatria,
_c1950.
300 _a96 p. :
_bil
650 4 _aGeometría
_xEstudio y enseñanza (Elemental)
_94869
905 _aLibro
999 _c593
_d593